000 00592cab a2200217 4500
001 X908
008 090401t1993 xxu||||| |||| 00| 0 eng d
035 _a(Sirsi) u68188
041 _aeng
100 _aLewis, C.
245 _aBusiness needs us - Presidential address
260 _c1993
350 _a0
490 _aCSM (Chartered Surveyor Monthly)
_v2(10) July/August 1993, 9-11(5)
650 _aABOUT RICS-RICS MEMBERS
650 _aPRESIDENTIAL ADDRESS
650 _aRICS
690 _aMANAGEMENT-BUSINESS MANAGEMENT-PROFESSIONAL PRACTICE
942 _n0
948 _c04/03/1997
999 _c42759
_d42759